000 00441nam a2200157Ia 4500
005 20240610024813.0
008 240331s9999 xx 000 0 und d
020 _a9555920125
082 _bDEV
_a351
100 _aSLFI. ed
245 0 _aDevolution Proposals :
_baway forward- a summary of the proceedings of the seminar
260 _aColombo
_bSri Lanka Foundation Institute
_c1995
300 _a49 p.,
650 _aDevolution
942 _cL
999 _c5561
_d5561